| 000 | 00000nam##2200000za#4500 |
| 001 | 9.558340 |
| 003 | CaOODSP |
| 005 | 20230131161132 |
| 007 | cr ||||||||||| |
| 008 | 150406|2003||||xxc|||||o f|0| 0 eng|d |
| 020 | |a0-662-33532-5 |
| 040 | |aCaOODSP|beng |
| 043 | |an-cn--- |
| 086 | 1 |aM44-2003/C10E-IN |
| 110 | 2 |aGeological Survey of Canada. |
| 245 | 10|aRegional structural data from the Hay River area, Northwest Territories, with emphasis on the Pine Point mining camp / |h[electronic resource]|c[by] William A. Turner and Leonard P. Gal. |
| 260 | |aOttawa - Ontario : |bNatural Resources Canada. |cc2003. |
| 300 | |a12p.|bfigs., maps (some coloured), references, table, photographs |
| 490 | 1 |aCurrent research 2003|v2003-C10 |
| 546 | |a(Résumé en français.) |
| 590 | |a14-09-Supp|b2014-04-23 |
| 830 | #0|aCurrent research (Geological Survey of Canada)|v2003-C10|w(CaOODSP)9.506236 |
| 856 | 40|ahttp://publications.gc.ca|qPDF|s1.25 MB|uhttps://publications.gc.ca/collections/collection_2013/rncan-nrcan/M44-2003-C10-eng.pdf|y2003-C10 |